Politická elita Ukrajiny: vplyv na krízovú situáciu

Analýza vplyvu politickej elity na vývoj situácie a determinácia príčin neschopnosti ukrajinskej vládnej elity presadiť reformy nevyhnutné pre demokratický a ekonomický rozvoj a demokratickú konsolidáciu krajiny.

Na minha lista:
Detalhes bibliográficos
Autor principal: Zubro, Tetyana, 1975-
Formato: Capítulo de Livro
Idioma:eslovaco
Assuntos:
Tags: Adicionar Tag
Sem tags, seja o primeiro a adicionar uma tag!

MARC

LEADER 00000nla a2200000 4500
001 0194293
005 20240502073243.4
041 0 |a slo 
044 |a SK 
245 1 0 |a Politická elita Ukrajiny: vplyv na krízovú situáciu  |c Tetyana Zubro 
520 |a Analýza vplyvu politickej elity na vývoj situácie a determinácia príčin neschopnosti ukrajinskej vládnej elity presadiť reformy nevyhnutné pre demokratický a ekonomický rozvoj a demokratickú konsolidáciu krajiny. 
610 2 0 |a Ukrajina 
610 2 0 |a demokratizácia 
610 2 0 |a hospodárstvo národné 
610 2 0 |a deregulácia 
610 2 0 |a korupcia 
610 2 0 |a oligarchia finančná 
610 2 0 |a moc politická 
610 2 0 |a peniaze 
610 2 0 |a politika vnútorná 
100 1 |a Zubro, Tetyana, 1975-